Countries of World Quiz - Statistics

General Stats
  • This quiz has been taken 479 times
  • The average score is 114 of 196
Answers on the Map
Answers color-coded by a green-red scale on the quiz's map according to % correct below.
 
Answer Stats
Country % Correct
Canada
97%
United States
97%
Russia
95%
Mexico
94%
United Kingdom
94%
Brazil
93%
France
92%
Germany
92%
Australia
91%
China
91%
India
91%
Spain
91%
Argentina
89%
Chile
89%
Ireland
89%
Italy
89%
Japan
89%
Denmark
88%
Portugal
88%
Sweden
88%
Egypt
87%
Iceland
87%
South Africa
87%
North Korea
86%
South Korea
86%
Finland
84%
Iran
84%
Norway
84%
Poland
84%
Greece
83%
Ukraine
83%
Iraq
82%
New Zealand
82%
Niger
82%
Turkey
82%
Madagascar
81%
Austria
80%
Indonesia
80%
Morocco
80%
Peru
80%
Switzerland
80%
Mongolia
79%
Netherlands
78%
Colombia
77%
Belgium
76%
Nigeria
76%
Pakistan
76%
Afghanistan
75%
Israel
75%
Cuba
74%
Kazakhstan
74%
Philippines
74%
Croatia
73%
Saudi Arabia
73%
Thailand
73%
Vietnam
73%
Democratic Republic of the Congo
72%
Uruguay
72%
Venezuela
72%
Belarus
70%
Bolivia
70%
Nepal
70%
Panama
70%
Sudan
70%
United Arab Emirates
70%
Albania
69%
Paraguay
69%
Republic of the Congo
68%
Algeria
67%
Czech Republic
67%
Hungary
67%
Oman
67%
Romania
67%
Yemen
67%
Estonia
66%
Dominican Republic
65%
Sri Lanka
65%
Latvia
64%
Lithuania
64%
Ethiopia
63%
Papua New Guinea
63%
Somalia
63%
South Sudan
63%
Chad
62%
Dominica
62%
Jordan
62%
Laos
62%
Uzbekistan
62%
Vatican City
62%
Bangladesh
61%
Ecuador
61%
Haiti
61%
Malaysia
61%
Slovakia
61%
Zimbabwe
61%
Jamaica
60%
Luxembourg
60%
Qatar
60%
Georgia
59%
Cambodia
58%
Costa Rica
58%
Serbia
58%
Taiwan
58%
Bosnia and Herzegovina
57%
Kenya
57%
Libya
57%
Cyprus
56%
Guatemala
56%
Slovenia
56%
Syria
56%
Tunisia
56%
Bulgaria
55%
Honduras
55%
Mali
55%
Myanmar
55%
North Macedonia
55%
Fiji
54%
Malta
54%
Bahamas
53%
Zambia
53%
Andorra
52%
Angola
52%
Armenia
52%
El Salvador
52%
Ghana
52%
Lebanon
52%
Azerbaijan
51%
Bhutan
50%
Monaco
50%
Kosovo
49%
Nicaragua
49%
Central African Republic
47%
Guinea
47%
Guyana
47%
Singapore
47%
Turkmenistan
47%
Kuwait
46%
Moldova
46%
Senegal
46%
Suriname
46%
Botswana
45%
Belize
44%
Montenegro
44%
Mozambique
44%
Tanzania
44%
Uganda
44%
Ivory Coast
42%
Namibia
42%
Tajikistan
42%
Kyrgyzstan
41%
Lesotho
41%
Togo
41%
Barbados
40%
Liechtenstein
40%
Maldives
39%
Rwanda
39%
Cameroon
38%
Bahrain
36%
Eritrea
36%
Liberia
36%
Trinidad and Tobago
35%
San Marino
34%
Seychelles
34%
Benin
33%
Mauritania
33%
Saint Lucia
33%
Djibouti
32%
Federated States of Micronesia
31%
Mauritius
31%
Eswatini
30%
Gambia
30%
Malawi
30%
Solomon Islands
30%
Tonga
30%
Brunei
29%
East Timor
29%
Equatorial Guinea
29%
Cape Verde
28%
Gabon
28%
Vanuatu
28%
Antigua and Barbuda
27%
Guinea-Bissau
27%
Samoa
27%
Burkina Faso
26%
Saint Kitts and Nevis
25%
Tuvalu
25%
Marshall Islands
24%
Palau
24%
Sierra Leone
23%
Burundi
22%
Saint Vincent and the Grenadines
22%
Comoros
21%
Grenada
21%
Kiribati
20%
São Tomé and Príncipe
20%
Nauru
17%
No matching quizzes found
Score Distribution
Percent of People with Each Score
Percentile by Number Answered
Your Score History
You have not taken this quiz